Osobitosti uplatňovania odpisov do daňových výdavkov

Daňovník nie je povinný uplatňovať daňové odpisy ani iné výdavky do daňových výdavkov. Uplatňovanie odpisov je právom daňovníka a nie jeho povinnosťou. Ak chce daňovník vykázať základ dane a jeho daňové výdavky sú vyššie ako zdaniteľné príjmy, môže sa rozhodnúť nezahrnúť niektoré výdavky do daňových...

Descrizione completa

Salvato in:
Dettagli Bibliografici
Autore principale: Kolembus, Anton
Natura: Capitolo di libro
Lingua:slovacco
Soggetti:
Tags: Aggiungi Tag
Nessun Tag, puoi essere il primo ad aggiungerne!!

MARC

LEADER 00000naa a2200000 4500
001 0241089
005 20211012113849.7
041 0 |a slo 
044 |a SK 
245 1 0 |a Osobitosti uplatňovania odpisov do daňových výdavkov  |c Anton Kolembus 
520 |a Daňovník nie je povinný uplatňovať daňové odpisy ani iné výdavky do daňových výdavkov. Uplatňovanie odpisov je právom daňovníka a nie jeho povinnosťou. Ak chce daňovník vykázať základ dane a jeho daňové výdavky sú vyššie ako zdaniteľné príjmy, môže sa rozhodnúť nezahrnúť niektoré výdavky do daňových výdavkov a takto vykázať základ dane. Ilustračné príklady. 
610 2 0 |a povinnosť daňová 
610 2 0 |a výdavky daňové 
610 2 0 |a odpisy daňové 
610 2 0 |a Slovensko 
100 1 |a Kolembus, Anton